000 00300nam a22001337a 4500
008 171027b xxu||||| |||| 00| 0 eng d
020 _a025601390
041 _aeng
080 _a336
100 _a55
101 _aMEN
245 _aINTERNATIONAL MANAGERIAL FINANCE
_cWESTON.J.F
942 _2udc
_cBK
999 _c36017
_d36017